000 00372nam a2200145Ia 4500
008 230711s9999||||xx |||||||||||||| ||und||
041 _aENG
082 _a621.319
_bGU-C
100 _aGupta,Sudhir
245 0 _aElements of control system
250 _a1st Ed.
260 _c2002
_aNew Delhi
_bPHI Learning Private Limited
650 _aElectrical Engineering
942 _cBK
999 _c4066
_d4066